|
|
|
|
| LEADER |
02933nam a22004815i 4500 |
| 001 |
978-1-4419-9510-0 |
| 003 |
DE-He213 |
| 005 |
20151125221443.0 |
| 007 |
cr nn 008mamaa |
| 008 |
110523s2011 xxu| s |||| 0|eng d |
| 020 |
|
|
|a 9781441995100
|9 978-1-4419-9510-0
|
| 024 |
7 |
|
|a 10.1007/978-1-4419-9510-0
|2 doi
|
| 040 |
|
|
|d GrThAP
|
| 050 |
|
4 |
|a TP807-823
|
| 050 |
|
4 |
|a TA418.9.C6
|
| 072 |
|
7 |
|a TDCQ
|2 bicssc
|
| 072 |
|
7 |
|a TEC021000
|2 bisacsh
|
| 082 |
0 |
4 |
|a 620.14
|2 23
|
| 100 |
1 |
|
|a Tanaka, Keiji.
|e author.
|
| 245 |
1 |
0 |
|a Amorphous Chalcogenide Semiconductors and Related Materials
|h [electronic resource] /
|c by Keiji Tanaka, Koichi Shimakawa.
|
| 264 |
|
1 |
|a New York, NY :
|b Springer New York :
|b Imprint: Springer,
|c 2011.
|
| 300 |
|
|
|a XV, 242 p.
|b online resource.
|
| 336 |
|
|
|a text
|b txt
|2 rdacontent
|
| 337 |
|
|
|a computer
|b c
|2 rdamedia
|
| 338 |
|
|
|a online resource
|b cr
|2 rdacarrier
|
| 347 |
|
|
|a text file
|b PDF
|2 rda
|
| 505 |
0 |
|
|a Introduction -- Structures -- Structural properties -- Electronic properties -- Photo-electronic properties -- Light-induced phenomena -- Applications -- Future Prospects.
|
| 520 |
|
|
|a Amorphous Chalcogenide Semiconductors and Related Materials describes developments in the science and technology of this advancing class of materials. This book offers an up-to-date treatment of chalcogenide glasses, amorphous semiconductors, and photonics glasses from basic principles through to applications, while providing the reader with solid-state sciences for understanding the material property and technology. Chalcogenide glasses have a number of interesting and useful properties, which have been already exploited in the commercialization of new devices. The book describes them at length, while it also: Discusses technological applications such as nonlinear optical fibers, DVDs, and high resolution mammographic x-ray image detectors Includes coverage of noncrystalline semiconductors with glassy semiconductors Amorphous or glassy chalcogenides are a kind of noncrystalline and thermodynamically quasi-stable solids. Such materials possess totally different properties than crystalline solids, and therefore warrant detailed discussion and description, which Amorphous Chalcogenide Semiconductors and Related Materials provides.
|
| 650 |
|
0 |
|a Materials science.
|
| 650 |
|
0 |
|a Semiconductors.
|
| 650 |
|
0 |
|a Electronics.
|
| 650 |
|
0 |
|a Microelectronics.
|
| 650 |
1 |
4 |
|a Materials Science.
|
| 650 |
2 |
4 |
|a Ceramics, Glass, Composites, Natural Methods.
|
| 650 |
2 |
4 |
|a Electronics and Microelectronics, Instrumentation.
|
| 650 |
2 |
4 |
|a Semiconductors.
|
| 700 |
1 |
|
|a Shimakawa, Koichi.
|e author.
|
| 710 |
2 |
|
|a SpringerLink (Online service)
|
| 773 |
0 |
|
|t Springer eBooks
|
| 776 |
0 |
8 |
|i Printed edition:
|z 9781441995094
|
| 856 |
4 |
0 |
|u http://dx.doi.org/10.1007/978-1-4419-9510-0
|z Full Text via HEAL-Link
|
| 912 |
|
|
|a ZDB-2-CMS
|
| 950 |
|
|
|a Chemistry and Materials Science (Springer-11644)
|